000 00751nam a2200205 i 4500
001 36560
003 ES-MaACL
005 20250914145929.0
007 t|
008 030218m19111912sp |||| | spa d
100 1 _aBryce, James,
_d1838-1922
_932253
245 1 3 _aLa república norteamericana /
_cpor James Bryce ; traducción por Adolfo Buylla y Adolfo Posada.
260 _aMadrid :
_bLa España Moderna,
_c[1911-1912] (
_fImp. de V. Tordesillas)
300 _a2 v. (378, 334 p.) ;
_c23 cm.
650 4 _aDerecho constitucional-
_zEstados Unidos.
_9154479
700 1 _aBuylla y González Alegre, Adolfo A.,
_d1850-1927
_932991
700 1 _aPosada, Adolfo,
_d1860-1944
_993316
852 _aES-MaACL
_jF-14951-52
999 _c36560
_d36560